What Sexuality Is It? - Statistics

General Stats
  • This quiz has been taken 415 times
  • The average score is 9 of 12
Answer Stats
Meaning of Sexuality Sexuality % Correct
Someone attracted to males and females. Bisexual
99%
A male who is attracted to another male. Gay
99%
A female who is attracted to another female. Lesbian
99%
Someone attracted to all genders. Pansexual
95%
A person who has no sexual feelings or desires, or who is not sexually attracted to anyone. Asexual
94%
Someone who is attracted to the opposite gender. Straight
91%
A person being born as their opposite gender currently. Transgender
86%
A person who does not feel feminine or masculine. Non-Binary
75%
A person that does not really have a gender and sometimes they feel one gender or another. Genderfluid
62%
Someone attracted to many genders. Polysexual
47%
A person denoting or relating to a person who does not identify themselves as having a particular gender. Agender
39%
A person relating to or having the condition of being intermediate between male and female. Intersexual
21%
No matching quizzes found
Score Distribution
Percent of People with Each Score
Percentile by Number Answered
Your Score History
You have not taken this quiz